Проза А. Неркаги 1970-х годов с комментариями (Запись № 12667186)
[ простой вид ]
| 000 -МАРКЕР | |
|---|---|
| контрольное поле | 02678nam0a2200457 4500 |
| 001 - ИДЕНТИФИКАТОР ЗАПИСИ | |
| контрольное поле | RU\NLR\BIBL_A\012631095 |
| 005 - ИДЕНТИФИКАТОР ВЕРСИИ | |
| контрольное поле | 20220114164330.0 |
| 010 ## - МЕЖДУНАРОДНЫЙ СТАНДАРТНЫЙ НОМЕР КНИГИ (ISBN) | |
| Номер (ISBN) | 978-5-400-01605-9 |
| Уточнения | отд. кн. |
| 010 ## - МЕЖДУНАРОДНЫЙ СТАНДАРТНЫЙ НОМЕР КНИГИ (ISBN) | |
| Номер (ISBN) | 978-5-400-01604-2 |
| Тираж | 300 |
| 021 ## - НОМЕР ГОСУДАРСТВЕННОЙ РЕГИСТРАЦИИ | |
| Код страны | Российская Федерация |
| Номер | КН-П-21-034338 |
| Номер Листа государственной регистраци | КН-П-21-2681 |
| 035 ## - ДРУГИЕ СИСТЕМНЫЕ НОМЕРА | |
| Идентификатор записи | (NLR Aleph) 012631095 |
| 100 ## - ДАННЫЕ ОБЩЕЙ ОБРАБОТКИ | |
| Данные общей обработки | 20211026d2020 k y0rusy50 ca |
| 101 0# - ЯЗЫК РЕСУРСА | |
| Язык текста, звукозаписи и т.д. | русский |
| 102 ## - СТРАНА ПУБЛИКАЦИИ ИЛИ ПРОИЗВОДСТВА | |
| Страна публикации | Российская Федерация |
| 105 ## - ПОЛЕ КОДИРОВАННЫХ ДАННЫХ: ТЕКСТОВЫЕ МАТЕРИАЛЫ, МОНОГРАФИЧЕСКИЕ | |
| Кодированные данные о монографическом текстовом документе | y|||z|||000zy |
| 181 #0 - ПОЛЕ КОДИРОВАННЫХ ДАННЫХ: ВИД СОДЕРЖАНИЯ | |
| Код вида содержания (ISBD) | i |
| Код характеристики содержания (ISBD) | axxe |
| 182 #0 - ПОЛЕ КОДИРОВАННЫХ ДАННЫХ: ТИП СРЕДСТВА | |
| Код типа средства (ISBD) | n - непосредственное |
| 200 1# - ЗАГЛАВИЕ И СВЕДЕНИЯ ОБ ОТВЕТСТВЕННОСТИ | |
| Основное заглавие | Проза А. Неркаги 1970-х годов с комментариями |
| Сведения, относящиеся к заглавию | Анико из рода Ного. Илир |
| Первые сведения об ответственности | Министерство науки и высшего образования Российской Федерации, Тюменский государственный университет |
| Последующие сведения об ответственности | научные комментарии к произведениям А.П. Неркаги подготовили: С.А. Комаров - доктор филологических наук, профессор, О.Г. Лагунова - доктор филологических наук, профессор |
| -- | науч. ред.: С.А. Комаров |
| 203 ## - ВИД СОДЕРЖАНИЯ И ТИП СРЕДСТВА | |
| Вид содержания | Текст |
| Дополнительные сведения об издании | визуальный |
| Тип средства | непосредственный |
| 210 ## - ПУБЛИКАЦИЯ, РАСПРОСТРАНЕНИЕ И ДР. | |
| Место издания, распространения и т.д. | Тюмень |
| Имя издателя, распространителя и т. д. | Изд-во Тюменского государственного университета |
| Дата издания, распространения и т.д. | 2020 |
| 215 ## - ФИЗИЧЕСКАЯ ХАРАКТЕРИСТИКА | |
| Специфическое обозначение материала и объем | 373, [1] с. |
| Размеры | 18 |
| 225 1# - СЕРИЯ | |
| Основное заглавие серии | Циркумполярная цивилизация |
| Сведения об ответственности | ред. совет: С.А. Комаров [и др.] |
| 320 ## - ПРИМЕЧАНИЯ О НАЛИЧИИ В ДОКУМЕНТЕ БИБЛИОГРАФИИ / УКАЗАТЕЛЯ | |
| Текст примечания | Библиогр.: с. 372-373 (15 назв.) |
| 500 10 - УНИФИЦИРОВАННОЕ ЗАГЛАВИЕ | |
| Связь между полями | z01702 |
| Унифицированное заглавие | Аника из рода Ного |
| 500 10 - УНИФИЦИРОВАННОЕ ЗАГЛАВИЕ | |
| Связь между полями | z02702 |
| Унифицированное заглавие | Илир |
| 604 ## - ИМЯ И ЗАГЛАВИЕ КАК ПРЕДМЕТ | |
| Связываемые данные | 700#1$aНеркаги$bА.П.$gАнна Павловна$f1952 |
| -- | 5011#$aПроза$2nlr_sh2$3RU\NLR\AUTH\6601688135 |
| 686 1# - ИНДЕКСЫ ДРУГИХ КЛАССИФИКАЦИЙ | |
| Индекс | Ш5(2=Нен)7-4Неркаги |
| 686 2# - ИНДЕКСЫ ДРУГИХ КЛАССИФИКАЦИЙ | |
| Индекс | Ш6(2=Нен)7-4 |
| 702 #1 - ИМЯ ЛИЦА - ВТОРИЧНАЯ ОТВЕТСТВЕННОСТЬ | |
| Начальный элемент ввода | Комаров |
| Часть имени, кроме начального элемента ввода | С. А. |
| Дополнения к именам, кроме дат | д-р филол. наук |
| Даты | 1958- |
| Расширение инициалов личного имени | Сергей Анатольевич |
| Идентификатор авторитетной/нормативной записи | RU\NLR\AUTH\77103970 |
| Код отношения | Комментатор |
| 702 #1 - ИМЯ ЛИЦА - ВТОРИЧНАЯ ОТВЕТСТВЕННОСТЬ | |
| Связь между полями | z01500 |
| Начальный элемент ввода | Неркаги |
| Часть имени, кроме начального элемента ввода | А. П. |
| Даты | 1951- |
| Расширение инициалов личного имени | Анна Павловна |
| Идентификатор авторитетной/нормативной записи | RU\NLR\AUTH\7763419 |
| Код отношения | Прочие |
| 702 #1 - ИМЯ ЛИЦА - ВТОРИЧНАЯ ОТВЕТСТВЕННОСТЬ | |
| Связь между полями | z02500 |
| Начальный элемент ввода | Неркаги |
| Часть имени, кроме начального элемента ввода | А. П. |
| Даты | 1951- |
| Расширение инициалов личного имени | Анна Павловна |
| Идентификатор авторитетной/нормативной записи | RU\NLR\AUTH\7763419 |
| Код отношения | Прочие |
| 702 #1 - ИМЯ ЛИЦА - ВТОРИЧНАЯ ОТВЕТСТВЕННОСТЬ | |
| Начальный элемент ввода | Неркаги |
| Часть имени, кроме начального элемента ввода | А. П. |
| Даты | 1951- |
| Расширение инициалов личного имени | Анна Павловна |
| Идентификатор авторитетной/нормативной записи | RU\NLR\AUTH\7763419 |
| Код отношения | Прочие |
| 712 02 - НАИМЕНОВАНИЕ ОРГАНИЗАЦИИ - ВТОРИЧНАЯ ОТВЕТСТВЕННОСТЬ | |
| Начальный элемент ввода | Тюменский государственный университет |
| Идентификатор авторитетной/нормативной записи | RU\NLR\AUTH\889946979 |
| Код отношения | Издающая организация |
| 942 ## - ДОПОЛНИТЕЛЬНЫЕ ЭЛЕМЕНТЫ ЗАПИСИ (АБИС) | |
| Тип экземпляра АБИС | Книга |
| 980 ## - КОЛЛЕКЦИЯ | |
| Название коллекции | НБР |
| 980 ## - КОЛЛЕКЦИЯ | |
| Название коллекции | Национальная библиография |
Нет доступных экземпляров.